Understanding postcolonialism (Record no. 6463)

MARC details
000 -LEADER
fixed length control field 00481 a2200181 4500
001 - CONTROL NUMBER
control field 132078
003 - CONTROL NUMBER IDENTIFIER
control field OSt
005 - DATE AND TIME OF LATEST TRANSACTION
control field 20220224105748.0
008 - FIXED-LENGTH DATA ELEMENTS--GENERAL INFORMATION
fixed length control field
020 ## - INTERNATIONAL STANDARD BOOK NUMBER
International Standard Book Number 9788131604823
082 ## - DEWEY DECIMAL CLASSIFICATION NUMBER
Classification number 325.3
Item number H53U
100 1# - MAIN ENTRY--PERSONAL NAME
Personal name Hiddleston, Jane
245 1# - TITLE STATEMENT
Title Understanding postcolonialism
Statement of responsibility, etc by Jane Hiddleston
260 ## - PUBLICATION, DISTRIBUTION, ETC. (IMPRINT)
Place of publication, distribution, etc Jaipur
Name of publisher, distributor, etc Rawat Publication
Date of publication, distribution, etc 2012
300 ## - PHYSICAL DESCRIPTION
Extent 202p.
690 ## - LOCAL SUBJECT ADDED ENTRY--TOPICAL TERM (OCLC, RLIN)
Topical term or geographic name as entry element Postcolonialism; Decolonization; Philosophy
942 ## - ADDED ENTRY ELEMENTS (KOHA)
Source of classification or shelving scheme Dewey Decimal Classification
Koha item type Books
Holdings
Withdrawn status Lost status Source of classification or shelving scheme Damaged status Not for loan Collection code Home library Current library Date acquired Source of acquisition Total Checkouts Full call number Barcode Date last seen Date checked out Price effective from Koha item type Cost, normal purchase price
    Dewey Decimal Classification     General Text Book Central University Of Rajasthan Central University Of Rajasthan 10/07/2012 ENG 2 325.3 H53U 10417 21/11/2024 11/11/2021 02/09/2020 Books  
    Dewey Decimal Classification     General Text Book Central University Of Rajasthan Central University Of Rajasthan 08/06/2012 ENG   325.3 H53U 8859 21/11/2024   02/09/2020 Books 695.00